|
|
|
|
| LEADER |
03627nam a2200793 ia4500 |
| 001 |
nkc20203259790 |
| 003 |
CZ PrNK |
| 005 |
20240312104449.0 |
| 007 |
ta |
| 008 |
211011s2021 xr acfhe 001 0acze |
| 015 |
|
|
|a cnb003259790
|
| 020 |
|
|
|a 978-80-200-3213-3
|q (Academia ;
|q vázáno)
|
| 020 |
|
|
|a 978-80-88060-25-3
|q (Tomáš Trusina - EMAN ;
|q vázáno)
|
| 035 |
|
|
|a (OCoLC)1302728279
|
| 040 |
|
|
|a ABA001
|b cze
|d BOA001
|e rda
|
| 043 |
|
|
|a e-xr---
|
| 045 |
|
|
|a x0x8
|
| 072 |
|
7 |
|a 655
|x Polygrafie. Vydavatelství a knižní obchod
|2 Konspekt
|9 12
|
| 072 |
|
7 |
|a 929
|x Biografie
|2 Konspekt
|9 8
|
| 080 |
|
|
|a 655.41-051
|2 MRF
|
| 080 |
|
|
|a 655.41
|2 MRF
|
| 080 |
|
|
|a 655.4/.5
|2 MRF
|
| 080 |
|
|
|a 316.72/.75
|2 MRF
|
| 080 |
|
|
|a 82:316.3
|2 MRF
|
| 080 |
|
|
|a 323
|2 MRF
|
| 080 |
|
|
|a 929
|2 MRF
|
| 080 |
|
|
|a (437.3)
|2 MRF
|
| 080 |
|
|
|a (0:82-94)
|2 MRF
|
| 100 |
1 |
|
|a Laichter, František,
|d 1902-1985
|7 jk01071399
|4 aut
|
| 245 |
1 |
0 |
|a O umlčené kulturní epoše :
|b kus nakladatelské historie /
|c vzpomíná a uvažuje František Laichter ; Jiří Lach (ed.)
|
| 250 |
|
|
|a Vydání první
|
| 264 |
|
1 |
|a Praha :
|b Academia :
|b EMAN,
|c 2021
|
| 300 |
|
|
|a 2 svazky (969; 858 stran, 32 nečíslovaných stran obrazových příloh) :
|b ilustrace, portréty, faksimile ;
|c 21 cm
|
| 336 |
|
|
|a text
|b txt
|2 rdacontent
|
| 337 |
|
|
|a bez média
|b n
|2 rdamedia
|
| 338 |
|
|
|a svazek
|b nc
|2 rdacarrier
|
| 490 |
1 |
|
|a Paměť ;
|v sv. 125
|
| 504 |
|
|
|a Obsahuje bibliografické odkazy a rejstřík
|
| 600 |
1 |
7 |
|a Laichter, František,
|d 1902-1985
|7 jk01071399
|2 czenas
|
| 610 |
2 |
7 |
|a Jan Laichter (nakladatelství)
|7 olak2009488399
|2 czenas
|
| 648 |
|
4 |
|a 1902-1985
|
| 648 |
|
7 |
|a 20. století
|7 ch460558
|2 czenas
|
| 650 |
0 |
7 |
|a nakladatelé a vydavatelé
|7 ph115418
|z Česko
|y 20. století
|2 czenas
|
| 650 |
0 |
7 |
|a nakladatelství a vydavatelství
|7 ph115417
|z Česko
|y 20. století
|2 czenas
|
| 650 |
0 |
7 |
|a vydávání a distribuce knih
|7 ph119057
|z Česko
|y 20. století
|2 czenas
|
| 650 |
0 |
7 |
|a knižní produkce
|7 ph121679
|z Česko
|y 20. století
|2 czenas
|
| 650 |
0 |
7 |
|a kultura a společnost
|7 ph122010
|z Česko
|y 20. století
|2 czenas
|
| 650 |
0 |
7 |
|a literatura a společnost
|7 ph122371
|z Česko
|y 20. století
|2 czenas
|
| 650 |
0 |
9 |
|a publishers and publishing
|z Czechia
|y 20th century
|2 eczenas
|
| 650 |
0 |
9 |
|a publishing houses
|z Czechia
|y 20th century
|2 eczenas
|
| 650 |
0 |
9 |
|a publishing and bookselling
|z Czechia
|y 20th century
|2 eczenas
|
| 650 |
0 |
9 |
|a book production
|z Czechia
|y 20th century
|2 eczenas
|
| 650 |
0 |
9 |
|a culture and society
|z Czechia
|y 20th century
|2 eczenas
|
| 650 |
0 |
9 |
|a literature and society
|z Czechia
|y 20th century
|2 eczenas
|
| 651 |
|
7 |
|a Česko
|7 ge128065
|x společnost a politika
|y 20. století
|2 czenas
|
| 651 |
|
9 |
|a Czechia
|x society and politics
|y 20th century
|2 eczenas
|
| 655 |
|
7 |
|a autobiografické vzpomínky
|7 fd131854
|2 czenas
|
| 655 |
|
9 |
|a autobiographical reminiscences
|2 eczenas
|
| 700 |
1 |
|
|a Lach, Jiří,
|d 1971-
|7 jn20000710403
|4 edt
|
| 830 |
|
0 |
|a Paměť (Academia)
|0 s
|
| 910 |
2 |
|
|a BOA001
|b 2-1479.291
|s 1-2
|
| 928 |
9 |
|
|a Evangelické manufakturní nakladatelství EMAN
|
| 990 |
|
|
|a BK
|
| 995 |
|
|
|a 01
|
| 991 |
|
|
|b 202202
|c NOV
|
| 996 |
6 |
|
|b 2610890548
|c 2-1479.291
|d I. díl
|v 1
|l MZK
|r Sklad / do 1 hodiny
|n 0
|p p.v.
|w 001873926
|u 000010
|a 1
|e BOA001
|j MZK50
|s P
|
| 996 |
6 |
|
|b 2610890549
|c 2-1479.291
|d II. díl
|v 2
|l MZK
|r Sklad / do 1 hodiny
|n 0
|p p.v.
|w 001873926
|u 000020
|a 1
|e BOA001
|j MZK50
|s P
|
| 996 |
7 |
|
|b 2610892954
|c 2-1479.291
|d I. díl
|v 1
|l MZK
|r Sklad / do 1 hodiny
|n 1
|p kup
|w 001873926
|u 000040
|a 1
|e BOA001
|j MZK50
|s A
|
| 996 |
7 |
|
|b 2610892955
|c 2-1479.291
|d II. díl
|v 2
|l MZK
|r Sklad / do 1 hodiny
|n 1
|p kup
|w 001873926
|u 000050
|a 1
|e BOA001
|j MZK50
|s A
|